01733nam a2200505 i 450000100060000000300090000600500170001500800410003201500190007302000150009203500230010703500360013003500140016603500210018003500170020103500150021803500230023303500440025604000280030004100130032804600090034108000150035008000120036510000310037724501040040824600410051226000560055330000260060933600270063533700540066233800280071638000160074438800140076038800140077450000500078850400260083865000360086465000280090065500350092865800340096370000430099770000480104071000410108885600980112951047KOSZ 00520230130132652.0991013s1999 pl |000 0 pol  aUWD 1999/15877 a8320812267 a991011562269705066 a(PL-WaBN)b13143621-48omnis_nlop ab13143621 a(OCoLC)749157901 azz2003830773 acc99227404 a(PL)b0000001314362 a(EXLNZ-48OMNIS_NETWORK)9910397878605606 aWA NcWA NdKOSZ 005/HR1 apolheng k1999 a658.14/.17 a(075.8)1 aLeahigh, David JohneAutor10aZarządzanie finansami :bprzewodnik /cDavid J. Leahigh ; tł. Dorota Dobija, Mieczysław Dobija.1 iTyt. oryg.:aPocket guide to finance aWarszawa :bPolskie Wydawnictwo Ekonomiczne,c1999. a166, [2] s. ;c24 cm. aTekstbtxt2rdacontent aBez urządzenia pośredniczącegobn2rdamedia aWoluminbnc2rdacarrier aKsiążki a1901-2000 a1989-2000 aTyt. oryg.: "A pocket guide to finance" 1996. aBibliogr. s. 149-150. 7aFinanse przedsiębiorstwa2DBN 7aZarządzanie finansami 7aPodręczniki akademickie2DBN aGospodarka, ekonomia, finanse1 aDobija, Dorotad(1968- )eTłumaczenie1 aDobija, Mieczysławd(1943- )eTłumaczenie2 aPolskie Wydawnictwo Ekonomiczne4pbl uhttp://koha.tu.koszalin.pl/cgi-bin/koha/opac-detail.pl?biblionumber=51047yKatalog online BPK